| 000 | 01029nam a22001577a 4500 | ||
|---|---|---|---|
| 008 | 110613t xxu||||| |||| 00| 0 eng d | ||
| 010 | _aSCCAF28 | ||
| 245 | _aSupreme Court Constitutional Appeal No. 1 OF 1998 Attorney General Vs Salvatori Abuki and another | ||
| 260 | _c1998 | ||
| 500 | _aCoram: Wambuzi CJ, Oder, Tsekooko, Karokora, Mulenga, Kanyeihamba and Mukasa-Kikonyogo JJSC. | ||
| 500 | _aAppeal from the judgement and decision of the Constitutional Court of Uganda at Kampala, MANYINDO DCJ, OKELLO, MPAGI-BAHIGEINE, TABARO AND EGONDA-NTENDE JJ. dated 13th day of June 1997 in Constitutional Case No. 2 of 1997 | ||
| 999 |
_c2741 _d2741 |
||